000 00217 a2200097 4500
001 33072
100 _aSeurre,E
245 _aGPRS for Mobile Internet
260 _aBoston
_bArtech House
_c2003
090 _c22201
_d22201
942 _aNUST-CAE
_cM
_c13561
999 _c268145
_d268145